[Collectanea Troporvm, Sacrae Scripturae candidatis utilißima : ex primarijs tam Hebraeorum, quàm Ecclesiasticorum commentarijs congesta, Iamqve Qvarto diligentißime recognita et locupletata]

Bibliographic Details
Main Author: Westheimer, Bartolomäus, 1499-1568 (Author)
Other Authors: Albrecht, Johann (Printer)
Format: Book
Language:Latin
PhysicalDescription:zachovaných 49-492, [27] listov 8° 16 cm
Published: [Straßburg] [Albrecht, Johann] [1535]
ISBN:(viaz.)
Subjects:

MARC

LEADER 00000nam a2200000 a 4500
001 vtls011823983
003 SK-MaSNL
005 20260301100638.0
008 251112 1535 fr 001 0 lat
015 |a SNBHFA1535 
020 |a (viaz.) 
040 |a SNKHF  |b slo  |c SNK  |e AACR2 
041 |a lat 
044 |a fr  |c FR 
072 7 |a 27  |x Kresťanstvo. Kresťanská cirkev všeobecne. Ekleziológia  |2 konspekt 
080 |a 2-236.5  |2 2011 
080 |a 27  |2 2011 
100 1 |a Westheimer, Bartolomäus,  |d 1499-1568  |4 aut  |9 180702 
245 1 0 |a [Collectanea Troporvm, Sacrae Scripturae candidatis utilißima : ex primarijs tam Hebraeorum, quàm Ecclesiasticorum commentarijs congesta, Iamqve Qvarto diligentißime recognita et locupletata] 
260 |a [Straßburg]  |b [Albrecht, Johann]  |c [1535] 
300 |a zachovaných 49-492, [27] listov  |c 8°  |c 16 cm 
500 |a Vinety, vlys, iniciálky v ozdobnom rámčeku na 6 riadkov 
504 |a Kustódy 
510 4 |a VD 16 W/2237 
546 |a Latinčina  |b Kurzíva 
550 |a Tlačiarenské údaje doplnené z VD 16 
561 |a Z knižnice Učenej spoločnosti malohontskej.  |5 SNK ID 100596 
562 |a Defekt: Chýba titulný list, prvých 48 strán textu a koniec knihy.  |5 SNK ID 100596 
563 |a Väzba: papierová.  |5 SNK ID 100596 
650 0 7 |a biblické postavy  |2 SNKPH  |9 4145 
650 0 7 |a kresťanstvo  |2 SNKPH  |9 2024 
700 1 |a Albrecht, Johann  |4 prt  |9 433739 
710 2 |a Učená spoločnosť malohontská  |4 fmo  |9 205374 
752 |a Francúzsko  |d Štrasburg 
852 |a snk  |b Historické fondy  |p ID 100596 
999 |c 686949  |d 688879 
952 |t MLH II. E. 21  |a SNK  |b SNK  |c SNK_HF  |y PREZ  |7 0  |p 17A1131552  |o snkID 100596  |i snk2018/24505  |8 5  |0 0  |1 0  |4 0  |d 2018-11-20  |l 0  |r 2026-02-23 20:15:35  |w 2026-02-23